Online Catalogue and eLibrary

Of laagers, lepers and leanness (Record no. 2554)

MARC details
000 -LEADER
fixed length control field 00489nam a2200169Ia 4500
005 - DATE AND TIME OF LATEST TRANSACTION
control field 20240404012521.0
008 - FIXED-LENGTH DATA ELEMENTS--GENERAL INFORMATION
fixed length control field 240331s9999 xx 000 0 und d
082 ## - DDC Classification
Item Number - Author Mark PET
Class No. 327
100 ## - MAIN ENTRY--PERSONAL NAME
Personal name Vale, Peter
245 #0 - TITLE STATEMENT
Title Of laagers, lepers and leanness
Remainder of title South Africa and Regional Security in the mid - 1990s
Statement of responsibility, etc. Peter Value
260 ## - PUBLICATION, DISTRIBUTION, ETC.
Place of publication, distribution, etc. Norway :
Name of publisher, distributor, etc. Chr. Chelsen Institute /
Date of publication, distribution, etc. 1994.
300 ## - PHYSICAL DESCRIPTION
Extent (e.g. Volumes, Pages etc.) iii, 45 p .,
650 ## - SUBJECT ADDED ENTRY--TOPICAL TERM
Topical term or geographic name entry element Social
650 ## - SUBJECT ADDED ENTRY--TOPICAL TERM
Topical term or geographic name entry element Human Rights
650 ## - SUBJECT ADDED ENTRY--TOPICAL TERM
Topical term or geographic name entry element Development
942 ## - Koha item type (Biblio)
Koha item type Books in Stacks (Lending)
Holdings
Lost status Damaged status Collection code Home library Current library Shelving location Date acquired Full call number Accession Number Item type
    Lending WERC Library WERC Library Social Science Cupboard 03/31/2024 327 VAL 3710 Books in Stacks (Lending)

© WERC Library